Multiresolution signal decomposition : transforms, subbands, and wavelets (Record no. 10812)

000 -LEADER
fixed length control field 00499 a2200169 4500
020 ## - INTERNATIONAL STANDARD BOOK NUMBER
International Standard Book Number 9780120471416
082 ## - DEWEY DECIMAL CLASSIFICATION NUMBER
Classification number 621.3822
090 ## - LOCALLY ASSIGNED LC-TYPE CALL NUMBER (OCLC); LOCAL CALL NUMBER (RLIN)
-- 7003
-- 7003
100 ## - MAIN ENTRY--PERSONAL NAME
Personal name Akansu, Ali N.
110 ## - MAIN ENTRY--CORPORATE NAME
Corporate name or jurisdiction name as entry element Richard A Haddad
245 ## - TITLE STATEMENT
Title Multiresolution signal decomposition : transforms, subbands, and wavelets
Statement of responsibility, etc. Ali N.Akansu
Medium 2 nd ed.
260 ## - PUBLICATION, DISTRIBUTION, ETC.
Place of publication, distribution, etc. New York
Name of publisher, distributor, etc. Academic Press
Date of publication, distribution, etc. 2001
300 ## - PHYSICAL DESCRIPTION
Extent 499 p.
650 ## - SUBJECT ADDED ENTRY--TOPICAL TERM
Topical term or geographic name entry element Signal processing--Digital techniques
700 ## - ADDED ENTRY--PERSONAL NAME
Personal name Ali N.Akansu
942 ## - ADDED ENTRY ELEMENTS (KOHA)
Koha item type Book
Call number prefix 621.3822 AKA
Holdings
Withdrawn status Lost status Damaged status Not for loan Collection code Permanent Location Current Location Shelving location Date acquired Source of acquisition Cost, normal purchase price Total Checkouts Total Renewals Full call number Barcode Date last seen Date last checked out Price effective from Koha item type
          Central Library (CL) Central Library (CL) General Stacks 04/13/2012 Progressive International Agencies 10179.26 2 1 621.3822 AKA SEECS011136 12/29/2014 11/04/2014 01/05/2017 Book
          Central Library (CL) Central Library (CL) General Stacks 04/13/2012 Progressive International Agencies 10179.26     621.3822 AKA SEECS011135 11/14/2012   01/05/2017 Book
          Central Library (CL) Central Library (CL) General Stacks 04/13/2012 Progressive International Agencies 10179.26     621.3822 AKA SEECS011134 11/14/2012   01/05/2017 Book
          Central Library (CL) Central Library (CL) General Stacks 04/13/2012 Progressive International Agencies 10179.26     621.3822 AKA SEECS011133 11/14/2012   01/05/2017 Book
          Central Library (CL) Central Library (CL) General Stacks 04/13/2012 Progressive International Agencies 10179.26     621.3822 AKA SEECS011132 11/14/2012   01/05/2017 Book
© 2023 Central Library, National University of Sciences and Technology. All Rights Reserved.